书目信息 |
| 题名: |
微电机学
|
|
| 作者: | 阿曼斯基 , Armensky , Falk , 弗尔克 著 ;张美东 , 戴鸿仪 译 | |
| 分册: | ||
| 出版信息: | 北京 煤炭工业出版社 1982 |
|
| 页数: | 281页 | |
| 开本: | 19cm | |
| 丛书名: | ||
| 单 册: | ||
| 中图分类: | TM38 | |
| 科图分类: | ||
| 主题词: | 微电机 | |
| 电子资源: | ||
| ISBN: | ||
| 000 | 00963nam0 2200313 45 | |
| 001 | 0182011296 | |
| 005 | 20060808173053.73 | |
| 010 | @d¥0.95 | |
| 091 | @aCN@b15035.2512 | |
| 100 | @a19950510d1982 emky0chiy0121 ea | |
| 101 | 1 | @achi@beng@ceng |
| 102 | @aCN@b110000 | |
| 105 | @ay z 000yy | |
| 200 | 10 | @a微电机学@Awei dian ji xue@f(苏)阿曼斯基(E.V.Armensky),(苏) 弗尔克(G.B.Falk)著@g张美东,戴鸿仪译 |
| 210 | @a北京@c煤炭工业出版社@d1982 | |
| 215 | @a281页@d19cm | |
| 300 | @a书名原文:Fractional horsepower electrical machines | |
| 510 | 1 | @aFractional horsepower electrical machines@zeng |
| 606 | @a微电机 | |
| 690 | @aTM38@v3 | |
| 701 | 1 | @a阿曼斯基@Aa man si ji@bE.V.@4著 |
| 701 | A1 | @aArmensky@bE.V.@4著 |
| 701 | A1 | @aFalk@bG.B.@4著 |
| 701 | 1 | @a弗尔克@Afu er ke@bG.B.@4著 |
| 702 | 0 | @a张美东@Azhang mei dong@4译 |
| 702 | 0 | @a戴鸿仪@Adai hong yi@4译 |
| 801 | 2 | @aCN@bNLC@c20060808 |
| 801 | 0 | @aCN@bTSSF |
| 905 | @a10447@dTM38@e35 | |
| 微电机学/(苏)阿曼斯基(E.V.Armensky),(苏) 弗尔克(G.B.Falk)著/张美东,戴鸿仪译.-北京:煤炭工业出版社,1982 |
| 281页;19cm |
| 书名原文:Fractional horsepower electrical machines |
| ISBN :¥0.95 |
| ● |
| 相关链接 |
|
|
|
|
正题名:微电机学
索取号:TM38/35
 
预约/预借
| 序号 | 登录号 | 条形码 | 馆藏地/架位号 | 状态 | 备注 |
| 1 | 0451787 | 204517870 | 密集书库/ [索取号:TM38/35] | 在馆 | |
| 2 | 0451788 | 204517889 | 密集书库/ [索取号:TM38/35] | 在馆 | |
| 3 | 0451789 | 204517898 | 密集书库/ [索取号:TM38/35] | 在馆 | |
| 4 | 0451790 | 204517905 | 密集书库/ [索取号:TM38/35] | 在馆 | |
| 5 | 0451791 | 204517914 | 密集书库/ [索取号:TM38/35] | 在馆 | |
| 6 | 0451792 | 204517923 | 密集书库/ [索取号:TM38/35] | 在馆 |